000 00289nam a22001337a 4500
008 170613b xxu||||| |||| 00| 0 eng d
020 _a393959972
041 _aeng
080 _a94
100 _a19
101 _aSHH
245 _aTHE FRENCH REVOLUTION
_cBOSHER5.J.F
942 _2udc
_cBK
999 _c17193
_d17193